Prueba de Regiones de Chile: Maule - Estadísticas

Estadísticas generales
  • Esta prueba ha sido intentada 29 veces
  • La puntuación promedio es 12 de 18
Estadísticas de respuestas
Pregunta Respuesta % Correcto
Pueblo Indígena Mayoritario Mapuche
96%
Capital Talca
96%
Talca
96%
Curicó
92%
Linares
88%
Famoso poeta y político con un Premio Nobel de Literatura nacido en esta región Pablo Neruda
85%
Principal actividad económica Actividades silvoagropecuarias
77%
Turístico Parque nacional por el que pasa el Río Claro en el cual se forman pozones y saltos de agua Parque nacional Radal Siete Tazas
69%
Ciudad conocida como "La Perla de Maule" Constitución
65%
Provincias Cauquenes
62%
Único pueblo real que aparece en la historieta "Condorito" Cumpeo
58%
Curiosa cascada que "va hacia arriba" cercana a la capital regional Cascada Invertida
54%
Menciona una de las provincias argentinas con las que limita la región Mendoza/Neuquén
54%
Toqui mapuche que fue asesinado en el Río Mataquito (actual Sagrada Familia) Lautaro
46%
Conocido presentador de televisión, productor, filántropo y empresario que nació en la capital regional Mario Kreutzberger "Don Francisco"
46%
Ciudad en la que nació este poeta Parral
46%
Menciona a uno de los dos ex-presidentes que nació en esta región Arturo Alessandri/Carlos Ibáñez del Campo
27%
Reconocida folclorista originaria de esta región Margot Loyola
15%
No se encontraron pruebas coincidentes
Distribución de puntuación
Porcentaje de gente con cada puntuación
Porcentaje por número respondido
Historial de tus puntuaciones
No has intentado esta prueba.